Music Quiz

Random Music or Song Quiz

Bands & Musicians by Song: 'P' Quiz Stats

 Plays Quiz Updated Jul 17, 2018

Challenge
Share
Tweet
Score 0/20 Timer 05:00
6 Plays Today
% Correct
Psy - Gangnam Style
94.4%
Perry, Katy - Roar
92.4%
Prince - When Doves Cry
91%
Parton, Dolly - Jolene
90.4%
The Police - Every Breath You Take
90.1%
Presley, Elvis - Can't Help Falling in Love
82.3%
Pussycat Dolls - Don't Cha
79.3%
Poison - Every Rose Has Its Thorn
78.8%
The Pretenders - Brass In Pocket
73%
Public Enemy - Fight The Power
72.2%
% Correct
Pink Floyd - Comfortably Numb
72.1%
Pearl Jam - Jeremy
71.6%
Pet Shop Boys - West End Girls
68.6%
Puff Daddy - I'll Be Missing You
67.3%
Pantera - Cowboys from Hell
65.1%
Procol Harum - A Whiter Shade of Pale
59.8%
The Platters - The Great Pretender
58.7%
The Paragons - The Tide Is High
55.3%
The Prodigy - Breathe
53.7%
Perry, Lee 'Scratch' - Roast Fish & Cornbread
43.8%

You're not logged in!

Compare scores with friends on all Sporcle quizzes.
OR
Log In

You Might Also Like...

Show Comments

Extras

Top Quizzes Today


Score Distribution

Your Account Isn't Verified!

In order to create a playlist on Sporcle, you need to verify the email address you used during registration. Go to your Sporcle Settings to finish the process.

Report this User

Report this user for behavior that violates our Community Guidelines.

Details: